| 000 | 01240cad a22002055a 4500 | ||
|---|---|---|---|
| 001 | L155202 | ||
| 008 | 120309e2012 xxk 000 0 eng d | ||
| 035 | _a(Sirsi) u155202 | ||
| 041 | 0 | _aeng | |
| 110 | 2 |
_aJones Lang LaSalle _93755 |
|
| 245 | 0 | 0 |
_aBroader Hong Kong commercial space masterplan embraces CBD2 development _h[electronic resource] |
| 260 |
_aHong Kong _bJLL _c2012 |
||
| 490 |
_aJones Lang LaSalle Advance Commercial Issues _vMarch 2012 |
||
| 520 | _aThe proposed transformation of Kowloon East into Hong Kong's next-generation Central Business District (CBD2) will be key to the continuing success of the city as a global financial centre, transforming Hong Kong's Grade A office market landscape. Covers CBD2, Hong Kong's future CBD extension; removing the connectivity barrier; facilitating the right developments; seamlessly integrating the medium and long term; preserving Hong Kong's commercial future; where it can happen, brownfield sites are key to our commercial future. | ||
| 590 | _aNTK KA | ||
| 651 | 4 | _aHong Kong | |
| 690 |
_aCommercial property _96227 |
||
| 856 | 4 | 0 |
_uhttps://www.joneslanglasalle.com.hk/HongKong/EN-GB/Pages/ResearchFilter.aspx _zView the report at www.joneslanglasalle.com.hk |
| 942 | _n0 | ||
| 999 |
_c83832 _d83832 |
||